| 000 | 00506nam a2200133Ia 4500 | ||
|---|---|---|---|
| 008 | 260210s9999 xx 000 0 und d | ||
| 024 | _a04B-059-TE, 04B-007-TE, 04B-044-TE, 04B-044-TE & 04B-032-TE | ||
| 082 | _a004.6072 MUH | ||
| 100 | _aMuhammad Ibrahim, Syed Zohaib Hussain Shsh, Muhammad Fahad Khan & Umair Ahmed Siddqui | ||
| 245 | 0 | _aBroadband Powerline Communication | |
| 260 |
_aKarachi: _bUITU, _c2004 |
||
| 600 | _aTelecommunication Engineering | ||
| 650 | _aBachelor of Engineering (BE) | ||
| 999 |
_c33529 _d33529 |
||